000 01388nam a2200277Ia 4500
003 OSt
005 20200710134532.0
008 130821s2007 xxuab gr spa
020 _a9781403144768
040 _aCo-BoUCM
_bspa
_cCO-JMCR
041 0 0 _aspa
082 0 4 _a299.936 /
_223
_bH875s
100 1 _aHubbard, Lafayette Ronald
_d1911-1986
_eautor
_97017
245 1 0 _aScientology una historia del hombre :
_buna lista y descripcin̤ de los principales incidentes a encontrarse en un ser humano
_cLafayette Ronald Hubbard
260 _aLos Angeles (California, Estados Unidos) :
_bBridge publications,
_c2007.
300 _a247 páginas :
_bilustraciones, mapas a blanco y negro ;
_c24 cm.
504 _aIncluye glosario e índice.
505 0 _aCómo y que auditar -- Casos: Objetivos a abordar -- La vida actual -- La línea genética -- El ser Theta -- Las facultades del ser Theta -- Tipos de incidentes en la línea Theta -- Incidentes específicos en la línea Theta -- Incidentes generalizados -- La transferencia -- Un análisis paso a paso de la técnica -- Incidentes adicionales en l alinea Theta --
650 0 4 _aCienciologa̕
_910821
650 1 4 _aFilosofía y religión
_915856
650 2 4 _aIglesias
_917149
650 2 4 _aReligión y ciencia
_923504
650 2 4 _aTeoría del conocimiento
_9403
765 _tScientiology : a history or man.
942 _cBK
_2ddc
999 _c6759
_d6759